[Event "Moscow op-A"]
[Site "Moscow"]
[Date "2015.02.05"]
[Round "6"]
[White "Savenkov, Konstantin"]
[Black "Mukhitdinov, Akmalkhon"]
[Result "1-0"]
[WhiteElo "2363"]
[BlackElo "2218"]
[PlyCount "65"]
[EventDate "2015.01.31"]
[EventType "swiss"]
[EventRounds "9"]
[EventCountry "RUS"]
[SourceTitle "CBM 164 Extra"]
[Source "ChessBase"]
[SourceDate "2015.03.02"]
[SourceVersion "1"]
[SourceVersionDate "2015.03.02"]
[SourceQuality "1"]

1. e4 c5 2. Nf3 Nc6 3. Bb5 e6 4. Bxc6 bxc6 5. d3 Ne7 6. Qe2 d5 7. b3 Ng6 8. e5 Be7 9. Bb2 Nf4 10. Qf1 0-0 11. Nbd2 f6 12. 0-0-0 d4 13. Nc4 f5 14. g3 Nd5 15. h4 Bd7 16. Qe2 Be8 17. h5 Bf7 18. Nfd2 Qd7 19. f4 g5 20. hxg6 Bxg6 21. Rh6 Rf7 22. Nd6 Bxd6 23. exd6 Ne3 24. Rdh1 Qxd6 25. Rxg6+ hxg6 26. Qxe3 Rh7 27. Qf3 Rxh1+ 28. Qxh1 Kg7 29. Nc4 Qd5 30. Qh4 Re8 31. Ba3 a5 32. Ne5 c4 33. Be7 1-0

[Event "Moscow Petrosian Memorial op"]
[Site "Moscow"]
[Date "2015.01.09"]
[Round "6"]
[White "Mukhitdinov, Akmalkhon"]
[Black "Borisova, Ekaterina"]
[Result "1-0"]
[WhiteElo "2218"]
[BlackElo "1928"]
[PlyCount "123"]
[EventDate "2015.01.04"]
[EventType "swiss"]
[EventRounds "9"]
[EventCountry "RUS"]
[SourceTitle "CBM 164 Extra"]
[Source "ChessBase"]
[SourceDate "2015.03.02"]
[SourceVersion "1"]
[SourceVersionDate "2015.03.02"]
[SourceQuality "1"]

1. c4 Nf6 2. Nc3 g6 3. g3 Bg7 4. Bg2 c5 5. e4 Nc6 6. Nge2 0-0 7. d3 Ne8 8. 0-0 Nc7 9. Be3 Ne6 10. Qd2 Ned4 11. Bh6 a6 12. Bxg7 Kxg7 13. Nxd4 cxd4 14. Ne2 e5 15. f4 d6 16. Rf2 Qa5 17. Qc2 Bd7 18. a3 Rac8 19. Raf1 f6 20. f5 g5 21. h4 h6 22. Bf3 b5 23. Nc1 Ne7 24. Be2 bxc4 25. dxc4 d5 26. Nb3 Qa4 27. exd5 Nxd5 28. Nxd4 exd4 29. Qxa4 Bxa4 30. cxd5 Rc5 31. hxg5 hxg5 32. Bf3 Rb8 33. Rd2 d3 34. Rff2 Bc2 35. Be4 Rb3 36. Kg2 Rc4 37. Kf3 Rxb2 38. Bxd3 Rb3 39. Ke2 Bxd3+ 40. Rxd3 Rb8 41. Kf3 g4+ 42. Kg2 Kh6 43. d6 Kg5 44. d7 Rd8 45. Rd5 Rc7 46. Rfd2 Rb7 47. a4 Rc7 48. a5 Rb7 49. Kf2 Rc7 50. Ke3 Rc3+ 51. R2d3 Rc4 52. Kd2 Rc7 53. R3d4 Rb7 54. Kd3 Rb3+ 55. Kc4 Rxg3 56. Kc5 Rb3 57. Kd6 Rbb8 58. Rc4 Rb7 59. Ke7 Rbb8 60. Ke6 Rb1 61. Rc8 Rb8 62. Rxb8 1-0

[Event "Moscow Petrosian Memorial op"]
[Site "Moscow"]
[Date "2015.01.08"]
[Round "5"]
[White "Malova, Anna"]
[Black "Mukhitdinov, Akmalkhon"]
[Result "0-1"]
[WhiteElo "1950"]
[BlackElo "2218"]
[PlyCount "68"]
[EventDate "2015.01.04"]
[EventType "swiss"]
[EventRounds "9"]
[EventCountry "RUS"]
[SourceTitle "CBM 164 Extra"]
[Source "ChessBase"]
[SourceDate "2015.03.02"]
[SourceVersion "1"]
[SourceVersionDate "2015.03.02"]
[SourceQuality "1"]

1. d4 d5 2. Nc3 Nf6 3. Bg5 Bf5 4. Bxf6 exf6 5. e3 c6 6. Bd3 Bxd3 7. Qxd3 Bd6 8. Nf3 0-0 9. 0-0 Nd7 10. Ne2 Re8 11. b3 Qc7 12. c4 dxc4 13. bxc4 c5 14. Nc3 Rad8 15. Nd5 Qc6 16. Rab1 Qa6 17. Nd2 b6 18. Ne4 Bb8 19. Nec3 Rc8 20. Nb5 cxd4 21. exd4 Qxa2 22. Qf5 Re6 23. Nb4 Qxc4 24. d5 Qxb5 25. Nc6 Qc5 26. Rbc1 Rcxc6 27. dxc6 Qd6 28. g3 Nc5 29. Rfd1 Qxc6 30. Rd8+ Re8 31. Qd5 Qa4 32. Rc4 Qa1+ 33. Kg2 Qe1 34. f3 Qe7 0-1

[Event "RUS-ch U12"]
[Site "Dagomys"]
[Date "2009.04.??"]
[Round "1"]
[White "Orekhov, Ilya"]
[Black "Mukhitdinov, Akmalkhon"]
[Result "1-0"]
[WhiteElo "2052"]
[BlackElo "1874"]
[PlyCount "63"]
[EventDate "2009.04.15"]
[EventType "swiss"]
[EventRounds "9"]
[EventCountry "RUS"]
[SourceTitle "EXT 2012"]
[Source "ChessBase"]
[SourceDate "2011.11.24"]
[SourceVersion "1"]
[SourceVersionDate "2011.11.24"]
[SourceQuality "1"]

1. e4 c5 2. Nf3 Nc6 3. d4 cxd4 4. Nxd4 Nf6 5. Nc3 e5 6. Nxc6 bxc6 7. Bg5 Bb4 8. Bd3 h6 9. Bh4 0-0 10. 0-0 Bxc3 11. bxc3 d5 12. Re1 dxe4 13. Bxf6 Qxf6 14. Bxe4 Bb7 15. Qd7 Rab8 16. Rab1 Rfd8 17. Qc7 Qd6 18. Rxb7 Rxb7 19. Qxb7 Qd1 20. Kf1 Qg4 21. Qxc6 g6 22. Qf6 Rd1 23. Qf3 Qxf3 24. Bxf3 Rd2 25. Rxe5 Rxc2 26. Ra5 Rxc3 27. Rxa7 Kg7 28. a4 Ra3 29. a5 Kf6 30. a6 Ke6 31. Ke1 f5 32. Kd2 1-0